000
00301nam a22001337a 4500
008
181011b xxu||||| |||| 00| 0 eng d
020
_a
9780198521273
041
_a
eng
080
_a
159.9
100
_a
48
101
_a
PSI
245
_a
The Neuropsychology of Anxiety
_c
Gray,J.A
942
_2
udc
_c
BK
999
_c
49338
_d
49338